000 00520nam a2200181Ia 4500
001 12837
005 20260306163010.0
008 260306t2007||||xx |||||||||||||| ||spa||
041 _aESP
082 _aRD 344J
_bC28
100 _aCaro John, José Antonio
_eAUT
245 0 _aDiccionario de jurisprudencia penal:
_bdefiniciones y conceptos de derecho penal y derecho procesal penal extraídos de la jurisprudencia
260 _c2007
300 _a
_c
650 _aGEN
654 _aCDE
942 _cDIC
_dJUS
_fJUS
_2ddc
_n
999 _c12837
_d12837